| 000 | 00514nam a2200157Ia 4500 | ||
|---|---|---|---|
| 008 | 160316s2009 xxu||||| |||| 00| 0 eng d | ||
| 082 |
_a350.000000 _bGOE |
||
| 100 | _aGoel S.L. | ||
| 245 | _aThe Indian journal of public administration | ||
| 250 | _a | ||
| 260 |
_aNew Delhi _bThe Indian Institute of Public Administration _c2009 |
||
| 300 |
_a323 _b _c |
||
| 365 | _b | ||
| 650 | _a1. E-governance 2. Minorities 3. Democracy 4. Media - law - civil society 5. Civil service - intelligence 6. ICT | ||
| 700 |
_a _a |
||
| 999 |
_c39518 _d39518 |
||